| 000 | 00471nam a2200169 i 4500 | ||
|---|---|---|---|
| 001 | 141961 | ||
| 003 | ES-MaACL | ||
| 005 | 20230906200417.0 | ||
| 007 | t| | ||
| 008 | 071001s1933 fr ||||1| fre d | ||
| 100 | 1 |
_aViollis, Andrée. _9115418 |
|
| 245 | 1 | 3 |
_aLe Japon et son Empire / _cAndrée Viollis. |
| 260 |
_aParis : _bB. Grasset, _c1933 ( _fImp. Moderne) |
||
| 300 |
_a364 p. ; _c19 cm. |
||
| 651 | 4 |
_aJapón- _xDescripción. _98884 |
|
| 852 |
_aES-MaACL _jB-12861 |
||
| 999 |
_c141961 _d141961 |
||